[Event "Titled Tue 1st Jul Late"]
[Site "chess.com INT"]
[Date "2025.07.01"]
[Round "4"]
[White "Niemann, Hans Moke"]
[Black "Bukreev, Stanislav"]
[Result "1/2-1/2"]
[WhiteTitle "GM"]
[BlackTitle "FM"]
[WhiteElo "2736"]
[BlackElo "2305"]
[WhiteFideId "2093596"]
[BlackFideId "34252347"]
[EventDate "2025.07.01"]

1. e4 e6 2. d4 d5 3. e5 c5 4. c3 Nc6 5. Nf3 Qb6 6. g3 cxd4 7. cxd4 Nh6 8. Bh3
Nf5 9. Bxf5 exf5 10. Nc3 Be6 11. O-O h6 12. h4 Be7 13. Ne2 O-O 14. Nf4 Rfc8 15.
Re1 Rc7 16. Re2 Rac8 17. Be3 Na5 18. b3 Nc6 19. Rc1 Ba3 20. Rcc2 Nb4 21. Rxc7
Qxc7 22. Kg2 Na6 23. h5 Be7 24. Qh1 Qd8 25. Qb1 Rc6 26. Rc2 Qc8 27. Rxc6 Qxc6
28. Ne1 Qc3 29. Ne2 Qc6 30. Nd3 Nb4 31. Ndf4 Qc2 32. Qc1 Qxc1 33. Nxc1 Bg5 34.
Nfd3 Nxd3 35. Nxd3 Be7 36. Kf3 Kf8 37. Ke2 Ke8 38. Kd2 Kd7 39. Nf4 Bg5 40. Nd3
Be7 41. Kc2 b6 42. Bd2 a5 43. f3 Kc6 44. a4 Kb7 45. b4 Bd7 46. b5 Be6 47. Kb3
Kc7 48. Bc1 Kd7 49. Ba3 Bxa3 50. Kxa3 g5 51. hxg6 fxg6 52. Kb3 g5 53. Kc3 Ke7
54. Kd2 Kd7 55. Ke3 Ke7 56. Kf2 Kd7 57. Ne1 Ke7 58. Ng2 Kd7 59. Ne3 Ke7 60. Kg2
Kd7 61. g4 f4 62. Nf5 h5 63. Kh3 Bxf5 64. gxf5 Ke7 65. Kg2 Kf7 66. Kh3 Ke7 67.
Kg2 Kf7 68. Kh3 Ke7 1/2-1/2

[Event "Titled Tue 1st Jul Late"]
[Site "chess.com INT"]
[Date "2025.07.01"]
[Round "4"]
[White "Cardozo Munar, Carlos Eduardo"]
[Black "Hua, Lefong"]
[Result "0-1"]
[WhiteTitle "FM"]
[BlackTitle "FM"]
[WhiteElo "2052"]
[BlackElo "2305"]
[WhiteFideId "4409477"]
[BlackFideId "2602253"]
[EventDate "2025.07.01"]

1. e4 c5 2. Nf3 g6 3. d4 cxd4 4. Nxd4 Bg7 5. Nb3 Nc6 6. Nc3 Nf6 7. g3 O-O 8. Bg2
d6 9. O-O Rb8 10. Re1 b5 11. a4 a6 12. axb5 axb5 13. Be3 b4 14. Ne2 Ng4 15. Bc1
Qb6 16. Rf1 Nge5 17. Ned4 Nxd4 18. Nxd4 Nc4 19. c3 bxc3 20. bxc3 Ba6 21. Re1
Rfc8 22. Bf1 Bb7 23. Bg5 Kf8 24. Rb1 Qc7 25. Nb5 Qc5 26. Bxc4 Qxg5 27. Bd5 Bxd5
28. exd5 Rb7 29. Qd3 Rcb8 30. c4 Qf6 31. Re2 h5 32. h4 Rc8 33. Rbe1 Qf5 34. Re4
Bf6 35. Qa3 Qd7 36. Qa6 Rcb8 37. Kg2 Kg7 38. R1e2 Rb6 39. Qa2 Rc8 40. Qd2 Rbb8
41. Qf4 Ra8 42. g4 Qxg4+ 43. Qxg4 hxg4 44. Rxg4 Ra4 45. Ree4 Ra2 46. h5 Rca8 47.
hxg6 fxg6 48. Rgf4 Rc2 49. Re6 Raa2 50. Nxd6 Bg5 51. Ne8+ Kh6 52. Rf3 Rxc4 53.
Rh3+ Bh4 54. Rxe7 Rxf2+ 55. Kg1 Rc1+ 56. Re1 Rxe1# 0-1

[Event "Titled Tue 1st Jul Late"]
[Site "chess.com INT"]
[Date "2025.07.01"]
[Round "4"]
[White "Gattani, Sarthak"]
[Black "Winkels, Marcel"]
[Result "1-0"]
[BlackTitle "CM"]
[WhiteElo "1944"]
[BlackElo "1905"]
[WhiteFideId "30995965"]
[BlackFideId "1003887"]
[EventDate "2025.07.01"]

1. d4 Nf6 2. c4 e6 3. Nf3 c5 4. d5 exd5 5. cxd5 d6 6. Nc3 g6 7. e4 Bg7 8. Nd2
O-O 9. Be2 Na6 10. O-O Nc7 11. a4 b6 12. Nc4 Ba6 13. Bf4 Bxc4 14. Bxc4 Re8 15.
f3 a6 16. Re1 Rb8 17. Qd3 Nh5 18. Be3 b5 19. axb5 axb5 20. Nxb5 Bxb2 21. Ra7 Rc8
22. Rb1 Bg7 23. Rb7 Nxb5 24. Bxb5 Re7 25. Bc6 Be5 26. Bg5 f6 27. Be3 Rxb7 28.
Rxb7 Rb8 29. Qb5 Rxb7 30. Qxb7 f5 31. exf5 Qh4 32. Bf2 Qxh2+ 33. Kf1 Qh1+ 34.
Bg1 Bd4 35. Qc8+ Kg7 36. Qd7+ Kh6 37. Ke2 Qxg1 38. fxg6 Qe3+ 39. Kd1 hxg6 40.
Qg4 Qd3+ 41. Kc1 Be3+ 42. Kb2 Qd4+ 43. Qxd4 Bxd4+ 44. Kc2 Nf4 45. g4 Ng2 46. Kd3
Ne3 47. Ke4 Be5 48. Bb5 Nc2 49. Kd3 Nd4 50. Ke4 Nxb5 51. f4 Bd4 52. g5+ Kg7 53.
Kd3 Kf7 54. Kc4 1-0

[Event "Titled Tue 1st Jul Late"]
[Site "chess.com INT"]
[Date "2025.07.01"]
[Round "4"]
[White "Jammalamadaka, Vihaan"]
[Black "Sheehan, Ethan"]
[Result "0-1"]
[WhiteTitle "CM"]
[WhiteElo "2018"]
[BlackElo "2364"]
[WhiteFideId "30977134"]
[BlackFideId "30943965"]
[EventDate "2025.07.01"]

1. d4 d5 2. Nc3 Nf6 3. Bf4 Bd7 4. e3 e6 5. Nf3 c5 6. Be2 Qb6 7. Rb1 Nc6 8. dxc5
Bxc5 9. O-O O-O 10. Na4 Qa5 11. c3 Be7 12. b4 Nxb4 13. cxb4 Qxa4 14. Ne5 Rfc8
15. Nxd7 Qxd7 16. Bd3 h6 17. Qe2 Bd6 18. Rfd1 Rc7 19. h3 Rac8 20. Qf3 Bxf4 21.
Qxf4 Rc3 22. Bf1 Qc7 23. Qh4 Rc2 24. a4 Qe5 25. a5 Rb2 26. b5 Rcc2 27. Rxb2 Qxb2
28. a6 bxa6 29. bxa6 Qc3 30. Qg3 Qc7 31. Rb1 Qxg3 32. fxg3 Rc7 33. Rb8+ Kh7 34.
Bb5 Ne4 35. Rb7 Rc1+ 36. Kh2 Nd6 37. Bd3+ g6 38. Rxa7 Rc3 39. Ra8 Rxd3 40. a7
Ra3 41. Rd8 Rxa7 42. Rxd6 Ra3 43. Rd7 Kg7 44. e4 dxe4 45. Kg1 Rxg3 46. Kf2 Rd3
47. Ra7 g5 48. Ra5 f5 49. Ra7+ Kg6 50. Ra6 Kf6 51. Ra8 Rd2+ 52. Kg3 f4+ 53. Kg4
Rxg2+ 54. Kh5 e3 55. Rf8+ Ke5 56. Ra8 e2 57. Ra1 f3 58. h4 gxh4 59. Ra5+ Kf6 60.
Ra1 f2 61. Re1 fxe1=Q 0-1

[Event "Titled Tue 1st Jul Late"]
[Site "chess.com INT"]
[Date "2025.07.01"]
[Round "4"]
[White "Tica, Sven"]
[Black "Manukyan, Artyom"]
[Result "0-1"]
[WhiteTitle "IM"]
[BlackTitle "CM"]
[WhiteElo "2442"]
[BlackElo "2121"]
[WhiteFideId "14526948"]
[BlackFideId "13305786"]
[EventDate "2025.07.01"]

1. Nf3 d5 2. g3 e6 3. Bg2 Nf6 4. d4 Be7 5. c4 O-O 6. Nc3 dxc4 7. Ne5 Nc6 8. Bxc6
bxc6 9. Nxc6 Qe8 10. Nxe7+ Qxe7 11. Qa4 c5 12. dxc5 Qxc5 13. Be3 Qc7 14. f3 Bd7
15. Qa3 Nd5 16. Nxd5 exd5 17. Bd4 Rfe8 18. Kf2 Re6 19. e3 Qb7 20. Qc3 f6 21. g4
Be8 22. h4 Bg6 23. Rag1 Rb8 24. g5 fxg5 25. h5 Bd3 26. Rxg5 g6 27. e4 dxe4 28.
hxg6 e3+ 29. Ke1 Bxg6 30. Rh3 Qb4 31. Qxb4 Rxb4 32. Rc5 e2 33. Rc7 Rb5 34. Rxc4
Rg5 35. Rh2 Bd3 36. Rc3 Ba6 37. Rb3 Rd6 38. Rb8+ Kf7 39. Rxh7+ Ke6 40. Rh6+ Kd5
41. Rxd6+ Kxd6 42. Re8 Rh5 43. Bc3 Rh1+ 44. Kf2 Rf1+ 45. Kg3 Kd7 46. Re3 Kd6 47.
Kf4 Kd5 48. Kg5 Rg1+ 49. Kf5 Rf1 50. f4 Bc8+ 51. Kg5 Ba6 52. f5 Rg1+ 53. Kh6
Rh1+ 54. Kg7 Rg1+ 55. Kf7 Bc4 56. f6 Kd6+ 0-1

[Event "Titled Tue 1st Jul Late"]
[Site "chess.com INT"]
[Date "2025.07.01"]
[Round "4"]
[White "Chakrabarti, Brejesh"]
[Black "Vigoa Apecheche, Yanira"]
[Result "1-0"]
[WhiteTitle "FM"]
[BlackTitle "WGM"]
[WhiteElo "2282"]
[BlackElo "2232"]
[WhiteFideId "30969280"]
[BlackFideId "3507041"]
[EventDate "2025.07.01"]

1. c4 c5 2. g3 Nc6 3. Nc3 g6 4. Bg2 Bg7 5. Nf3 Nf6 6. O-O O-O 7. d4 cxd4 8. Nxd4
d6 9. Rb1 Nxd4 10. Qxd4 Bf5 11. Ra1 Ne4 12. Qe3 Nxc3 13. bxc3 Qc7 14. Bd2 Rac8
15. Qxa7 Qxc4 16. Bf3 Be4 17. Qe3 Bxf3 18. exf3 Rc7 19. Rfb1 Ra8 20. Rb2 Ra3 21.
Rc2 b5 22. Rb1 Bf6 23. Rb4 Qd5 24. Kg2 Kg7 25. Rcb2 Rxa2 26. Rxb5 Qc4 27. Qh6+
Kg8 28. Rb8+ Rc8 29. Rxc8+ Qxc8 30. Rxa2 Bg7 31. Qe3 Qc6 32. Qxe7 h6 33. Qd8+
Kh7 34. Ra8 g5 35. Qg8+ Kg6 36. Ra7 Qd5 37. Be3 g4 38. h4 gxf3+ 39. Kh2 Qf5 40.
Bd4 f6 41. Qe8+ Kh7 42. Qf7 Qg6 43. Qxg6+ Kxg6 44. Be3 h5 45. Rd7 f5 46. Rxd6+
Kf7 47. Rc6 Bf6 48. Rc5 Ke7 49. Rc4 Ke6 50. Bd4 Be5 51. Bxe5 Kxe5 52. Rf4 Kf6
53. Rxf3 Ke6 54. Rf4 1-0

[Event "Titled Tue 1st Jul Late"]
[Site "chess.com INT"]
[Date "2025.07.01"]
[Round "4"]
[White "Rustemov, Alexander"]
[Black "Bok, Benjamin"]
[Result "1/2-1/2"]
[WhiteTitle "GM"]
[BlackTitle "GM"]
[WhiteElo "2525"]
[BlackElo "2582"]
[WhiteFideId "4119002"]
[BlackFideId "1017063"]
[EventDate "2025.07.01"]

1. d4 Nf6 2. c4 e6 3. Nf3 b6 4. a3 Bb7 5. Nc3 d5 6. Bg5 Be7 7. e3 dxc4 8. Bxc4
O-O 9. O-O Nbd7 10. Qe2 a6 11. Rfd1 h6 12. Bh4 b5 13. Bd3 c5 14. dxc5 Bxc5 15.
Be4 Qb6 16. Bxf6 Nxf6 17. Bxb7 Qxb7 18. Rac1 Be7 19. Ne5 Rac8 20. Qf3 Qxf3 21.
gxf3 Rfd8 22. Rxd8+ Bxd8 23. Ne2 Rxc1+ 24. Nxc1 Nd5 25. Ncd3 Kf8 26. Nc6 Ke8 27.
Nxd8 Kxd8 28. Nc5 Nc7 29. Kf1 Ke7 30. Ke2 Kd6 31. b4 Kc6 32. Kd3 a5 33. Nb3 axb4
34. axb4 Nd5 35. Nd4+ Kb6 36. Nc2 g5 37. Kd4 f6 38. Ke4 h5 39. h3 h4 40. Nd4
Nxb4 41. Nxe6 Nc6 42. Kd5 Ne5 43. f4 Nd3 44. fxg5 fxg5 45. Nxg5 Nxf2 46. e4 Nd3
47. e5 b4 48. e6 Nf4+ 49. Kc4 Kc7 50. Kxb4 Kd6 51. Kc4 Nxe6 52. Nxe6 Kxe6 53.
Kd4 Kf5 54. Ke3 Ke5 55. Kf3 Kf5 56. Ke3 Ke5 57. Kf3 Kf5 58. Ke3 1/2-1/2

[Event "Titled Tue 1st Jul Late"]
[Site "chess.com INT"]
[Date "2025.07.01"]
[Round "4"]
[White "Ambartsumian, Tyhran"]
[Black "Amar, Elham"]
[Result "1/2-1/2"]
[WhiteTitle "CM"]
[BlackTitle "GM"]
[WhiteElo "2244"]
[BlackElo "2589"]
[WhiteFideId "34161112"]
[BlackFideId "1533533"]
[EventDate "2025.07.01"]

1. e4 c6 2. d4 d5 3. exd5 cxd5 4. Bd3 Nc6 5. c3 Qc7 6. h3 e6 7. Nf3 Bd6 8. Qe2
Nge7 9. a4 Bd7 10. Nbd2 Ng6 11. Nb3 O-O 12. O-O Rae8 13. Qc2 e5 14. dxe5 Ncxe5
15. Nxe5 Bxe5 16. Be3 b6 17. Nd4 Bh2+ 18. Kh1 Bf4 19. Bxg6 hxg6 20. Bxf4 Qxf4
21. Rae1 Re4 22. f3 Re5 23. Rxe5 Qxe5 24. f4 Qe4 25. Qf2 Re8 26. f5 g5 27. Kh2
a5 28. Qg3 Qe5 29. b3 Qxg3+ 30. Kxg3 Re3+ 31. Rf3 Re1 32. Kf2 Rc1 33. g4 Kf8 34.
Kg3 Ke7 35. Re3+ Kd6 36. Kf2 Rb1 37. Kg3 Rb2 38. h4 gxh4+ 39. Kxh4 f6 40. Kg3
Rb1 41. Kf4 Rf1+ 42. Rf3 Rg1 43. Rg3 Rc1 44. Rh3 Rf1+ 45. Rf3 Rh1 46. Re3 Rh2
47. Kg3 Rb2 48. Kf4 Rb1 49. Rh3 Rc1 50. Rg3 Rb1 51. Re3 Ra1 52. Rh3 Rf1+ 53. Rf3 1/2-1/2

[Event "Titled Tue 1st Jul Late"]
[Site "chess.com INT"]
[Date "2025.07.01"]
[Round "4"]
[White "Jimenez Salas, Maria Teresa"]
[Black "Gogolev, Artem"]
[Result "0-1"]
[WhiteTitle "WIM"]
[BlackTitle "IM"]
[WhiteElo "2170"]
[BlackElo "2240"]
[WhiteFideId "3843866"]
[BlackFideId "4116615"]
[EventDate "2025.07.01"]

1. e4 c6 2. d4 d5 3. Nc3 dxe4 4. Nxe4 Nf6 5. Nxf6+ exf6 6. Bc4 Bd6 7. Qe2+ Qe7
8. Qxe7+ Kxe7 9. Ne2 Rd8 10. O-O Kf8 11. c3 a5 12. Bf4 Bf5 13. Bxd6+ Rxd6 14.
Rad1 b5 15. Bd3 Bxd3 16. Rxd3 Nd7 17. Ng3 Nb6 18. Re1 g6 19. f3 f5 20. Kf2 Rad8
21. Rde3 Nc4 22. R3e2 a4 23. Nf1 R8d7 24. Ne3 Nb6 25. Nc2 Nd5 26. a3 f4 27. Re4
g5 28. Nb4 Ne3 29. Re2 f6 30. Nc2 Nd1+ 31. Ke1 Nxb2 32. Re8+ Kf7 33. Rh8 Kg6 34.
Nb4 Nc4 35. Rc8 Nxa3 36. Rxc6 Rxc6 37. Nxc6 Rc7 38. d5 Nc4 39. Nd4 Rc5 40. Nc6
Ne3 41. Rd2 Nxd5 42. Rxd5 Rxc6 43. Rxb5 Rxc3 44. Ra5 Ra3 45. h3 Ra2 46. Kf1 Kh5
47. Kg1 a3 48. Kh2 Kg6 49. Kh1 h6 50. Kh2 h5 51. Kh1 Kf7 52. Ra6 Ke7 53. Kh2 h4
54. Kg1 Kd7 55. Rxf6 Rb2 56. Ra6 a2 57. Kh2 Kc7 58. Ra7+ Kb6 59. Ra8 Kc5 60.
Rc8+ Kd4 61. Ra8 Kc3 62. Rc8+ Kb3 63. Rb8+ Kc2 64. Rc8+ Kb1 65. Rc5 a1=Q 66.
Rxg5 Qa2 67. Rg4 Rf2 68. Kh1 Qe2 69. Kh2 Qd2 70. Kh1 Rf1+ 71. Kh2 Qe1 72. Rxf4
Qg3# 0-1

[Event "Titled Tue 1st Jul Late"]
[Site "chess.com INT"]
[Date "2025.07.01"]
[Round "4"]
[White "Rees, Ioan"]
[Black "Manukyan, Sargis A."]
[Result "0-1"]
[WhiteTitle "FM"]
[BlackTitle "FM"]
[WhiteElo "2280"]
[BlackElo "2294"]
[WhiteFideId "1801236"]
[BlackFideId "13303970"]
[EventDate "2025.07.01"]

1. Nf3 d5 2. g3 e6 3. Bg2 Nf6 4. O-O Be7 5. d3 O-O 6. Nbd2 Nc6 7. e4 dxe4 8.
dxe4 e5 9. Nc4 Nxe4 10. Nfxe5 Nxe5 11. Nxe5 Qxd1 12. Rxd1 Nd6 13. Nd3 Bf5 14.
Bf4 Rad8 15. c3 Nc4 16. Nb4 Bxb4 17. cxb4 Rxd1+ 18. Rxd1 Nxb2 19. Rd5 Be6 20.
Ra5 b6 21. Rxa7 c5 22. bxc5 bxc5 23. Bd6 Rc8 24. Bb7 Rd8 25. Bxc5 h5 26. h4 Kh7
27. Be4+ g6 28. a4 Rd1+ 29. Kg2 Re1 30. Bf3 Nd3 31. Be3 Ra1 32. a5 Ne1+ 33. Kf1
Bc4+ 34. Be2 Nc2+ 35. Kg2 Nxe3+ 36. fxe3 Ra2 37. Kf3 Bxe2+ 38. Kf4 Bc4 39. Ke5
Kg7 40. e4 Ra3 41. Kd4 Bf1 42. e5 Kf8 43. e6 fxe6 44. Ke5 Rxg3 45. Kxe6 Rf3 46.
Ra8+ Kg7 47. a6 Rf6+ 48. Ke7 Bxa6 49. Rg8+ Kxg8 50. Kxf6 Kh7 51. Kg5 Kg7 52. Kf4
Kf6 53. Kg3 Kf5 54. Kf3 Bb7+ 55. Kf2 Bc6 56. Kg1 Ke4 57. Kh2 Kf4 58. Kh3 Kf3 59.
Kh2 Kg4 60. Kg1 Kxh4 61. Kh2 Kg4 0-1

[Event "Titled Tue 1st Jul Late"]
[Site "chess.com INT"]
[Date "2025.07.01"]
[Round "4"]
[White "Gustafsson, Jan"]
[Black "Moghaddamian, Afshin"]
[Result "0-1"]
[WhiteTitle "GM"]
[BlackTitle "CM"]
[WhiteElo "2591"]
[BlackElo "2126"]
[WhiteFideId "4625498"]
[BlackFideId "12503886"]
[EventDate "2025.07.01"]

1. Nf3 Nf6 2. c4 g6 3. b3 Bg7 4. Bb2 O-O 5. g3 b6 6. Bg2 Bb7 7. O-O e6 8. d4 Qe7
9. Nc3 d5 10. Ne5 Na6 11. cxd5 exd5 12. Rc1 c5 13. e3 Rac8 14. Qe2 Rfd8 15. Nb5
Ba8 16. Rfd1 Nb4 17. a3 Nc6 18. Nxc6 Bxc6 19. dxc5 bxc5 20. a4 a6 21. Nc3 Qb7
22. Nb1 Qxb3 23. Rxc5 Bxa4 24. Rcc1 Rc2 25. Rxc2 Qxc2 26. Qxc2 Bxc2 27. Rc1 Bxb1
28. Bxf6 Bxf6 29. Rxb1 d4 30. exd4 Bxd4 31. Kf1 a5 32. Rb5 Bc3 33. Rc5 Bb4 34.
Rd5 Rxd5 35. Bxd5 a4 36. Ke2 Kf8 37. g4 Ke7 38. f3 a3 39. Kd3 f6 40. h3 Kd6 41.
Bg8 h6 42. Ke2 Ke5 43. Bf7 Kd4 44. Bg8 Kc3 45. Ke3 Kb2 46. Ke4 a2 47. Bxa2 Kxa2
48. Kd5 g5 49. Ke6 Bc3 50. Kf7 Kb3 51. Kg6 Kc4 52. Kxh6 Kd5 53. Kh5 Be1 54. Kg6
Ke5 55. Kf7 Bc3 56. Kg6 Kf4 0-1

[Event "Titled Tue 1st Jul Late"]
[Site "chess.com INT"]
[Date "2025.07.01"]
[Round "4"]
[White "Bogdanov, Artyom"]
[Black "Mahdavi, Reza"]
[Result "1-0"]
[WhiteTitle "FM"]
[BlackTitle "IM"]
[WhiteElo "2370"]
[BlackElo "2454"]
[WhiteFideId "13749200"]
[BlackFideId "12595926"]
[EventDate "2025.07.01"]

1. Nf3 Nf6 2. d4 g6 3. c3 Bg7 4. Bf4 d6 5. Nbd2 O-O 6. e4 Nbd7 7. Qc2 Qe8 8. h3
e5 9. dxe5 dxe5 10. Be3 b6 11. Bc4 Bb7 12. O-O Nh5 13. Rfe1 Nf4 14. Bxf4 exf4
15. Bd5 c6 16. Bc4 Qe7 17. e5 Nc5 18. Nd4 b5 19. Bf1 Rad8 20. N2f3 Rfe8 21. Re2
Qc7 22. Rae1 Bc8 23. b4 Ne6 24. Qe4 Nxd4 25. cxd4 Be6 26. Qxf4 Qe7 27. a3 Bd5
28. Rc2 a5 29. Rb1 axb4 30. axb4 Ra8 31. Rc5 Red8 32. Ng5 Bh6 33. h4 Ra2 34.
Rbc1 Kg7 35. Re1 Rb2 36. e6 f6 37. Qc1 Ra2 38. f4 fxg5 39. fxg5 Rf8 40. gxh6+
Kg8 41. Qg5 Rf6 42. Rxd5 cxd5 43. Bxb5 Ra7 44. Qxd5 Rf8 45. Qe5 Qxh4 46. e7 Rxe7
47. Qxe7 Qxd4+ 48. Qe3 Qxb4 49. Bf1 Qb2 50. Qe6+ Kh8 51. Qe5+ Qxe5 52. Rxe5 Rf6
53. Re8+ Rf8 54. Rxf8# 1-0

[Event "Titled Tue 1st Jul Late"]
[Site "chess.com INT"]
[Date "2025.07.01"]
[Round "4"]
[White "Al Busaidi, Hamood"]
[Black "Turcsanyi, Vince Gergo"]
[Result "1-0"]
[WhiteTitle "CM"]
[BlackTitle "FM"]
[WhiteElo "2028"]
[BlackElo "2312"]
[WhiteFideId "22006230"]
[BlackFideId "791784"]
[EventDate "2025.07.01"]

1. e4 f5 2. d3 fxe4 3. dxe4 e5 4. Qh5+ g6 5. Qxe5+ Qe7 6. Qxh8 Qxe4+ 7. Be3 Qb4+
8. Nd2 Ne7 9. O-O-O d5 10. Ngf3 c5 11. Bh6 Nd7 12. Ne5 Qh4 13. Nxd7 Qxh6 14.
Nxf8 Qxf8 15. Qxh7 Bf5 16. Bb5+ Kd8 17. Nf3 a6 18. Bd3 Bg4 19. Ng1 Bxd1 20. Kxd1
Qxf2 21. Qh8+ Kc7 22. Qxa8 Qxg2 23. Qe8 Kd6 24. Qd8+ Ke6 25. Qb6+ Kf7 26. Qxc5
Qxh1 27. Qf2+ Kg7 28. Kd2 b5 29. Ne2 Qa1 30. Qd4+ Kf7 31. a3 Qh1 32. Nf4 Nf5 33.
Bxf5 gxf5 34. Qxd5+ Qxd5+ 35. Nxd5 Ke6 36. Ne3 Ke5 37. Nxf5 Kxf5 38. c4 bxc4 39.
Kc3 Ke4 40. Kxc4 Ke3 41. Kb4 Kd2 42. Ka5 Kc2 43. Kxa6 Kxb2 44. h4 Kxa3 45. h5
Kb4 46. h6 Kc5 47. h7 Kd5 48. h8=Q Ke4 49. Kb5 Kd3 50. Qd8+ Ke4 51. Kc4 Ke3 52.
Qd4+ Ke2 53. Qe4+ Kf1 54. Kd3 Kg1 55. Qf3 Kh2 56. Qg4 Kh1 57. Ke2 Kh2 58. Kf2
Kh1 59. Qh4# 1-0

[Event "Titled Tue 1st Jul Late"]
[Site "chess.com INT"]
[Date "2025.07.01"]
[Round "4"]
[White "Beyer, Lorenz"]
[Black "Amdouni, Zoubaier"]
[Result "0-1"]
[WhiteTitle "CM"]
[BlackTitle "FM"]
[WhiteElo "2226"]
[BlackElo "2186"]
[WhiteFideId "16245393"]
[BlackFideId "5500419"]
[EventDate "2025.07.01"]

1. d4 Nf6 2. Bf4 d5 3. e3 c6 4. Nf3 Bf5 5. Bd3 Bxd3 6. Qxd3 e6 7. Qb3 Qb6 8. O-O
Nbd7 9. Nbd2 Qxb3 10. axb3 Nh5 11. Bc7 Rc8 12. Be5 a6 13. c3 Nxe5 14. Nxe5 Bd6
15. Nd3 O-O 16. b4 f5 17. f4 Nf6 18. Nb3 Ne4 19. Na5 Rc7 20. Rfe1 h6 21. Red1 g5
22. g3 Rg7 23. Kf1 g4 24. Nf2 h5 25. Nxe4 fxe4 26. Kg2 Rf6 27. Rd2 Rh6 28. Rdd1
Kf7 29. Rf1 Kg6 30. Rac1 Kf5 31. Nb3 h4 32. Nd2 hxg3 33. hxg3 Rgh7 34. Rh1 Rxh1
35. Rxh1 Rxh1 36. Kxh1 Be7 37. Kg2 Bd6 38. Kf2 Be7 39. Ke2 Bf8 40. Kd1 Bd6 41.
Nf1 b6 42. Kc2 c5 43. bxc5 bxc5 44. Kb3 cxd4 45. cxd4 Bc7 46. Kb4 a5+ 47. Kb5
Kf6 48. b3 Ke7 49. Kc6 Kd8 50. Nh2 Kc8 51. Nxg4 Bd8 52. Ne5 Be7 53. Kb5 Bb4 54.
g4 Bd2 55. g5 Kd8 56. Ng4 Ke7 57. Kc6 Kf7 58. Kb5 Kg6 59. Ka4 Kf5 60. Nh6+ Kg6
61. Ng4 Kf5 62. Ka3 Kxg4 63. g6 Bb4+ 64. Ka4 Bf8 0-1

[Event "Titled Tue 1st Jul Late"]
[Site "chess.com INT"]
[Date "2025.07.01"]
[Round "4"]
[White "Liu, Zachary Hankun"]
[Black "Krishnan, Varun"]
[Result "0-1"]
[BlackTitle "IM"]
[WhiteElo "2067"]
[BlackElo "2370"]
[WhiteFideId "2640287"]
[BlackFideId "5054508"]
[EventDate "2025.07.01"]

1. Nf3 c5 2. c4 Nc6 3. g3 e5 4. Bg2 g6 5. O-O Bg7 6. Nc3 Nge7 7. e4 O-O 8. d3 d6
9. Be3 a6 10. Nd5 Nd4 11. Nxd4 Nxd5 12. cxd5 cxd4 13. Bd2 f5 14. Rc1 Bd7 15. a4
b5 16. a5 f4 17. Bb4 Qf6 18. f3 fxg3 19. hxg3 Bh6 20. Rc7 Be3+ 21. Kh2 Qg7 22.
Bh3 Rf7 23. Rxd7 Rxd7 24. Be6+ Kh8 25. Bxd7 Qxd7 26. Qc2 Rc8 27. Qe2 Kg7 28. f4
exf4 29. gxf4 Qe7 30. Kg3 Rf8 31. e5 Rxf4 32. Rxf4 Qxe5 33. Qg4 g5 34. Qd7+ Kh6
35. Qxd6+ Qxd6 36. Bxd6 gxf4+ 37. Bxf4+ Kg6 38. Be5 Kf5 39. Bg7 Kg6 40. Be5 Kf5
41. Bd6 h6 42. Kh4 Kf6 43. Kh5 Kf5 44. b3 Bg5 45. Bc7 Be3 46. Bd6 Bd2 47. b4 Be3
48. Bf8 Ke5 49. d6 Ke6 50. d7 Kxd7 51. Bc5 Ke6 52. Kg4 Kd5 53. Kh5 Bd2 54. Kg4
Bc1 55. Kh5 Ke6 56. Kg4 Be3 57. Bf8 Kd5 58. Bc5 Ke5 59. Bf8 Kf6 60. Kh5 Kf5 61.
Bd6 Bg5 62. Bc5 Ke5 63. Kg4 Be3 64. Kh5 Kf4 65. Kg6 Kf3 66. Kh5 Ke2 0-1

[Event "Titled Tue 1st Jul Late"]
[Site "chess.com INT"]
[Date "2025.07.01"]
[Round "4"]
[White "Romany, Joy"]
[Black "Gonzalez Mojica, Renan Arturo"]
[Result "0-1"]
[WhiteTitle "WIM"]
[BlackTitle "FM"]
[WhiteElo "1960"]
[BlackElo "2098"]
[WhiteFideId "10656820"]
[BlackFideId "4482379"]
[EventDate "2025.07.01"]

1. d4 d6 2. c4 e5 3. dxe5 dxe5 4. Qxd8+ Kxd8 5. Nf3 f6 6. Nc3 Be6 7. e4 c6 8.
Be3 Kc7 9. Be2 Nd7 10. O-O Bc5 11. Bd2 a5 12. b3 Nh6 13. h3 Nf7 14. Na4 Rhd8 15.
Nxc5 Nxc5 16. Bxa5+ Rxa5 17. b4 Ra4 18. bxc5 Rda8 19. Rfc1 Rxa2 20. Rxa2 Rxa2
21. Bf1 Nd8 22. Nh4 g6 23. Nf3 Bf7 24. Ne1 Ne6 25. Nd3 Nd4 26. f3 Nc2 27. Nf2
Ne3 28. Ng4 Nxg4 29. hxg4 Ra5 30. Kf2 Rxc5 31. Ke3 b5 32. Kd3 Bxc4+ 33. Kd2 Kb6
34. Bxc4 Rxc4 35. Rh1 Rd4+ 36. Kc3 Rd7 37. g3 c5 38. f4 b4+ 39. Kc2 c4 40. g5
fxg5 41. fxe5 Kc5 42. e6 Re7 43. Rf1 Rxe6 44. Rf7 Rxe4 45. Rc7+ Kd4 46. Rd7+ Ke3
47. Rxh7 Kf3 48. Rb7 Re2+ 49. Kc1 b3 50. Rc7 Rc2+ 51. Kb1 Kxg3 52. Rg7 g4 53.
Rxg6 Kf3 54. Rf6+ Kg2 55. Rg6 g3 56. Re6 Kh2 57. Rh6+ Kg1 58. Rg6 g2 59. Rf6 Rf2
60. Re6 Kf1 61. Rc6 g1=Q 62. Rxc4 Kg2+ 63. Rc1 Qxc1+ 64. Kxc1 Kf3 65. Kb1 Ke3 0-1

[Event "Titled Tue 1st Jul Late"]
[Site "chess.com INT"]
[Date "2025.07.01"]
[Round "4"]
[White "Boci, Mateu"]
[Black "Sowinski, Pawel"]
[Result "1-0"]
[WhiteTitle "FM"]
[BlackTitle "IM"]
[WhiteElo "2274"]
[BlackElo "2451"]
[WhiteFideId "4704665"]
[BlackFideId "21881979"]
[EventDate "2025.07.01"]

1. e4 g6 2. d4 Bg7 3. Nc3 a6 4. f4 b5 5. Nf3 Bb7 6. Bd3 d6 7. O-O Nd7 8. a4 b4
9. Ne2 Ngf6 10. e5 Ne4 11. Be3 O-O 12. c3 c5 13. Qc2 d5 14. Bxe4 dxe4 15. Ng5
bxc3 16. bxc3 cxd4 17. cxd4 Bd5 18. Nxe4 Rc8 19. Nc5 Nb6 20. Nc3 Ba8 21. Bf2 Nd5
22. Nxd5 Qxd5 23. Be3 h5 24. Rab1 Rb8 25. Nxa6 Rbc8 26. Nc5 h4 27. h3 Bc6 28.
Qf2 Ra8 29. Rb4 Rfb8 30. Rfb1 Rxb4 31. Rxb4 e6 32. Kh2 Bf8 33. Rb2 Be7 34. Qc2
Kg7 35. Qb3 Qd8 36. Qb6 Qd5 37. Qb3 Qd8 38. Qc4 Bd5 39. Qe2 Bc6 40. Bf2 Qd5 41.
Be3 Bxc5 42. dxc5 Rxa4 43. Qf2 Re4 44. Qxh4 Rxe3 45. Qf6+ Kh7 46. Qxf7+ Kh6 47.
Qf8+ Kh7 48. Qe7+ Kh6 49. Qh4+ Kg7 50. Qf6+ Kh7 51. Qe7+ Kh6 52. Qg5+ Kg7 53.
Rb8 Qxg2+ 54. Qxg2 Bxg2 55. Kxg2 Rc3 56. Rb7+ Kh6 57. Re7 Rxc5 58. Rxe6 Rc2+ 59.
Kg3 Kh5 60. Re8 Rc3+ 61. Kf2 g5 62. f5 g4 63. Rh8+ Kg5 64. hxg4 Rc2+ 65. Ke3
Kxg4 66. f6 Kf5 67. f7 1-0

[Event "Titled Tue 1st Jul Late"]
[Site "chess.com INT"]
[Date "2025.07.01"]
[Round "4"]
[White "Rodriguez, Santiago"]
[Black "Arakelyan, Manvel"]
[Result "1/2-1/2"]
[WhiteTitle "CM"]
[BlackTitle "FM"]
[WhiteElo "2252"]
[BlackElo "2326"]
[WhiteFideId "3000591"]
[BlackFideId "13317415"]
[EventDate "2025.07.01"]

1. d4 e6 2. e4 d5 3. Nc3 dxe4 4. Nxe4 Nf6 5. Nxf6+ gxf6 6. Nf3 Nc6 7. g3 b6 8.
Bg2 Bb7 9. O-O Qd7 10. c4 O-O-O 11. Be3 h5 12. Qa4 Kb8 13. d5 Na5 14. Qxd7 Rxd7
15. dxe6 fxe6 16. b3 Bd6 17. Nd4 Bxg2 18. Kxg2 Be5 19. Nxe6 Bxa1 20. Rxa1 h4 21.
Nd4 c5 22. Nf5 hxg3 23. hxg3 Nc6 24. Re1 Kb7 25. f4 Re8 26. Kf3 Rd3 27. Ke2 Rd7
28. Kf3 Nb4 29. Re2 Rd3 30. g4 Nc6 31. Kf2 Rh8 32. Kg2 Rd7 33. Bf2 Rg8 34. Kf3
Rd3+ 35. Re3 Rd2 36. Re6 Rg6 37. Rxc6 Kxc6 38. Ne7+ Kd7 39. Nxg6 Rxa2 40. g5
fxg5 41. fxg5 Ke6 42. Be3 Rb2 43. Kg4 Rxb3 44. Bf4 a5 45. Ne5 a4 46. g6 Kf6 47.
Bg5+ Kg7 48. Kf5 Rb1 49. Bf6+ Kg8 50. Ng4 Rf1+ 51. Kg5 Rg1 52. Kf5 Rf1+ 53. Kg5
Rg1 54. Kh5 Rh1+ 55. Kg5 Rg1 1/2-1/2